000 00966cam a2200313 a 4500
001 15615
003 BD-RjUL
005 20211208235845.0
008 140210s1973 nyua b 001 0 eng
035 _a(BD-RjUL)15670
035 _a361051
040 _aLC
_beng
_cLC
_dBD-RjUL
041 _aeng
082 0 4 _a658.7
_bHEB 1973
100 1 _aHeskett, James L.
_948477
245 1 0 _aBusiness logistics :
_bphysical distribution and materials management /
_cJames L. Heskett, Nicholas A. Glaskowsky, Jr. and Robert M. Ivie.
250 _a2d ed.
260 _aNew York :
_bRonald Press Co.,
_cc1973.
300 _axii, 789 p. :
_billus. ;
_c24 cm.
500 _aIncludes index.
504 _aBibliography: p. 765-775.
650 0 _aMaterials management.
_946909
650 0 _aBusiness logistics.
_948354
700 1 _aGlaskowsky, Nicholas A,
_948478
700 1 _aIvie, Robert M,
_948479
942 _2ddc
_cBK
999 _c15615
_d15615